000 00741nam a2200241 i 4500
003 DO-SdBNP
005 20250911105039.0
007 ta
008 190806s1985 dr 000 spa d
040 _aDO-SdBNP
_bspa
_cBNPHU
_erda
041 _aspa
082 4 _axxx
_bR666
_222
100 _aRobles Toledano, Oscar A.,
_eautor
_4aut.
_q(Oscar Antonio)
_d1912-
_938417
245 1 0 _aP. R. Thompson :
_bcartas a El Caribe /
_cOscar A. Robles Toledano
264 1 _aSanto Domingo :
_bUCMM,
_c1985.
300 _avolumenes ;
_c22 cm.
336 _atexto
_btxt
_2rdacontent
337 _asin mediación
_bn
_2rdamedia
338 _avolumen
_bnc
_2rdacarrier
490 1 _aColección Documentos
590 _aInventariado, 2022/BT
942 _2ddc
_cLBS1
999 _c48746
_d48746